| 000 | 00671nam a2200169 a 4500 | ||
|---|---|---|---|
| 001 | 000033957 | ||
| 005 | 20200930070645.0 | ||
| 008 | 110914s1903 dr 000 0 spa d | ||
| 040 |
_aDO-SdBNP _bspa _cBNPHU |
||
| 082 |
_axxxx _bC117 |
||
| 100 | 1 |
_aCabral, Alejandro _959424 |
|
| 245 | 1 | 0 |
_aConsideraciones acerca del suero antitetánico en Santo Domingo / _cAlejandro Cabral. |
| 260 |
_aSanto Domingo : _bImp. "Flor del Ozma", _c1903. |
||
| 300 |
_a31 p. ; _c23 cm. |
||
| 500 | _aTesis para obtar por el título de licenciatura en medicina del Instituto Profesional de Santo Domingo, jurado examinador : Salvador B. Gautier, Ramón Báez, Rodolfo Coiscuo | ||
| 049 | _aBNPD | ||
| 999 |
_c33448 _d33448 |
||